History Quiz

Random History or Clickable Quiz

Famous Figures in US History II Quiz Stats

 Plays Quiz Updated Nov 8, 2015

Challenge
Share
Tweet
Embed
Score 0/30 Timer 06:00
0 Plays Today
% Correct
Elvis Presley
93.8%
Rosa Parks
93.2%
Amelia Earhart
91.5%
Sacagawea
90.4%
Henry Ford
89.2%
Sandra Day O'Connor
88.9%
John Hancock
87.8%
Dwight Eisenhower
86.6%
Herbert Hoover
84.5%
Clara Barton
82.4%
Cornelius Vanderbilt
81.2%
John Deere
79.8%
Jefferson Davis
79.5%
Bill Clinton
78.6%
Robert Kennedy
77.3%
% Correct
Frederick Douglass
77.1%
John Smith
76.6%
James Madison
74.9%
Upton Sinclair
74.5%
Benjamin Franklin
72%
Thomas 'Stonewall' Jackson
70.5%
Andrew Johnson
69.9%
Mark Twain
66.4%
George H.W. Bush
64.6%
John Jay
60.8%
John Tyler
60.3%
John C. Calhoun
56%
Walt Whitman
51.5%
George Washington
46%
Winfield Scott
41.7%

You're not logged in!

Compare scores with friends on all Sporcle quizzes.
OR
Log In

You Might Also Like...

Show Comments

Extras

Top Quizzes Today


Score Distribution

Your Account Isn't Verified!

In order to create a playlist on Sporcle, you need to verify the email address you used during registration. Go to your Sporcle Settings to finish the process.

Report this User

Report this user for behavior that violates our Community Guidelines.

Details: